[Event "29.DSenEM2017-Gruppe-B"]
[White "Wittkugel, Friedhelm"]
[Black "Mueller, Johannes"]
[Site ""]
[Round "8.13"]
[Annotator ""]
[Result "1/2-1/2"]
[Date "2017.08.15"]
[WhiteElo "1944"]
[BlackElo "1802"]
[PlyCount "118"]

1. e4 c6 2. d4 d6 3. Nc3 Qc7 4. Be3 f5 5. Bd3 e6 6. exf5 exf5 7. Qf3 g6 8. 0-0-0 Ne7 9. Re1 Be6 10. Bg5 Kf7 11. Qe3 Qd7 12. Bxe7 Bxe7 13. Nh3 Bf6 14. Re2 Na6 15. Bxa6 bxa6 16. Ng5+ Bxg5 17. Qxg5 h6 18. Qd2 Bc4 19. Re3 Rae8 20. Rhe1 Kf6 21. b3 Bf7 22. Kb2 g5 23. f4 Rxe3 24. Rxe3 Re8 25. g3 g4 26. Rxe8 Qxe8 27. Qd3 Qc8 28. Ne2 Bd5 29. c4 Bf3 30. Nc3 Qe8 31. c5 dxc5 32. dxc5 Qe1 33. b4 Qf2+ 34. Qc2 Qg1 35. Qd2 Kg6 36. Nb1 Bd5 37. Na3 h5 38. Nc2 h4 39. gxh4 Kh5 40. Ne3 Kxh4 41. Nxf5+ Kh3 42. Ne3 Bf3 43. Ka3 Qxh2 44. Qd6 Qe2 45. Nf5 Bd5 46. Qh6+ Kg2 47. Qh1+ Kxh1 48. Ng3+ Kh2 49. Nxe2 g3 50. Kb2 g2 51. Kc3 Bxa2 52. Kd4 g1=Q+ 53. Nxg1 Kxg1 54. f5 Kf2 55. f6 Kf3 56. Ke5 Ke3 57. Kd6 Bd5 58. f7 Bxf7 59. Kxc6 Kd4 {6% dieser Partie in Let's Check enthalten. Keine Fehler oder
Kombinationen gefunden. Diese Partie sollte in Let's Check eingereicht oder
analysiert werden.} 1/2-1/2

[Event "29.DSenEM2017-Gruppe-B"]
[White "Andrasch, Peter"]
[Black "Cordes, Lothar"]
[Site ""]
[Round "8.15"]
[Annotator ""]
[Result "0-1"]
[Date "2017.08.15"]
[WhiteElo "1764"]
[BlackElo "1871"]
[PlyCount "100"]

1. f4 d5 2. Nf3 g6 3. e3 Bg7 4. Be2 c5 5. 0-0 Nf6 6. Kh1 0-0 7. a3 Nc6 8. Nc3 a6 9. d4 b6 10. Ne5 Qd6 11. Nxc6 Qxc6 12. Bf3 Rd8 13. Ne2 Bg4 14. c3 Bxf3 15. Rxf3 Ne4 16. Ng3 Rac8 17. f5 Nxg3+ 18. Rxg3 gxf5 19. Qh5 Rd6 20. Bd2 Rg6 21. Rh3 Qe6 22. Rf1 Qe4 23. Qf3 Rcc6 24. Rh5 Rcf6 25. Qxe4 fxe4 26. Rf4 cxd4 27. cxd4 Rxf4 28. exf4 Bxd4 29. Rxd5 Bxb2 30. Bb4 e3 31. f5 Rc6 32. g4 e2 33. Rd8+ Kg7 34. Kg2 Bxa3 35. f6+ Rxf6 36. Bc3 e5 37. g5 Rf1 38. Bxe5+ Kg6 39. Bc3 e1=Q 40. Rg8+ Kf5 41. Bxe1 Rxe1 42. Kf2 Re7 43. Kf3 Bc5 44. h4 a5 45. Rd8 a4 46. Rd5+ Re5 47. Rd7 Re3+ 48. Kg2 Kg4 49. Rxf7 Re2+ 50. Kf1 Rf2+ {11% dieser
Partie in Let's Check enthalten. Keine Fehler oder Kombinationen gefunden.
Diese Partie sollte in Let's Check eingereicht oder analysiert werden.} 0-1

[Event "29.DSenEM2017-Gruppe-B"]
[White "Metzger, Eberhard"]
[Black "Hiller, Bernd"]
[Site ""]
[Round "8.17"]
[Annotator "RR"]
[Result "0-1"]
[Date "2017.08.15"]
[WhiteElo "1779"]
[BlackElo "1858"]
[PlyCount "17"]

1. e4 e5 2. Nf3 f5 $6 (2... Nc6 3. Bb5 a6 $11 )3. exf5 e4 4. Qe2 $6 (4. Nd4 Qf6 5. Nb5 $16 )d5 5. d3 Qe7 6. Nc3 exf3 7. Qxe7+ Nxe7 8. Nb5 Na6 9. Bf4 {
55% dieser Partie in Let's Check enthalten. Diese Partie sollte in Let's Check
eingereicht oder analysiert werden.} 0-1

[Event "29.DSenEM2017-Gruppe-B"]
[White "John, Bernd"]
[Black "Hallmann, Eberhard"]
[Site ""]
[Round "8.20"]
[Annotator "hugo50"]
[Result "1/2-1/2"]
[Date "2017.08.15"]
[WhiteElo "1762"]
[BlackElo "1834"]
[PlyCount "62"]

1. d4 e6 2. Bf4 f5 3. Nf3 Nf6 4. Bg5 Be7 5. Bxf6 Bxf6 6. e3 b6 7. c3 0-0 8. Nbd2 Bb7 9. Bd3 d6 10. Qc2 Nd7 11. 0-0-0 g6 12. h4 h5 13. e4 fxe4 14. Nxe4 Kg7 15. Neg5 Bxg5+ 16. Nxg5 Qf6 17. f3 e5 18. Rde1 a6 19. Kb1 Rae8 20. Rhf1 c5 21. g4 exd4 22. gxh5 gxh5 23. Bxa6 Qg6 24. Qxg6+ Kxg6 25. Bxb7 dxc3 26. bxc3 Ne5 27. Kc2 Nc4 28. Rxe8 Rxe8 29. Be4+ Rxe4 30. Nxe4 Ne3+ 31. Kd3 Nxf1 {28% dieser
Partie in Let's Check enthalten. Keine Fehler oder Kombinationen gefunden.
Diese Partie sollte in Let's Check eingereicht oder analysiert werden.} 1/2-1/2

[Event "29.DSenEM2017-Gruppe-B"]
[White "Cordes, Lothar"]
[Black "Gauer, Jakob"]
[Site ""]
[Round "9.10"]
[Annotator ""]
[Result "1-0"]
[Date "2017.08.16"]
[WhiteElo "1871"]
[BlackElo "1809"]
[PlyCount "73"]

1. d4 d5 2. Nf3 Nf6 3. c4 e6 4. Nc3 Be7 5. Qc2 0-0 6. e3 Nbd7 7. Bd3 h6 8. 0-0 c5 9. Rd1 cxd4 10. Nxd4 Ne5 11. Be2 Qc7 12. Ncb5 Qb6 13. cxd5 Nxd5 14. e4 Nb4 15. Qc3 Bd7 16. Be3 Rac8 17. Nf5 exf5 18. Bxb6 Rxc3 19. bxc3 Nbc6 20. Nxa7 fxe4 21. Rd5 Be6 22. Nxc6 Nxc6 23. Rb5 Bf6 24. Rc1 Ra8 25. Bd1 Rxa2 26. Rbb1 Bc4 27. Bb3 Bxb3 28. Rxb3 Bg5 29. Be3 Bxe3 30. fxe3 Re2 31. c4 Ne5 32. Kf1 Ra2 33. Rxb7 Ng4 34. Rb3 Nxh2+ 35. Kg1 Ng4 36. c5 Re2 37. c6 {36% dieser Partie in Let's
Check enthalten. Keine Fehler oder Kombinationen gefunden. Diese Partie sollte
in Let's Check eingereicht oder analysiert werden.} 1-0

[Event "29.DSenEM2017-Gruppe-B"]
[White "Hiller, Bernd"]
[Black "Merettig, Georg"]
[Site ""]
[Round "9.11"]
[Annotator ""]
[Result "0-1"]
[Date "2017.08.16"]
[WhiteElo "1858"]
[BlackElo "1779"]
[PlyCount "72"]

1. e4 Nc6 2. Nf3 b6 3. d4 e6 4. Bd2 Bb7 5. Bd3 Nb4 6. Bxb4 Bxb4+ 7. c3 Be7 8. Nbd2 Nf6 9. Qe2 0-0 10. 0-0 c5 11. h3 Nh5 12. g3 f5 13. Ne5 g6 14. Rfe1 Bf6 15. Qd1 d6 16. Nef3 d5 17. Ne5 Bg7 18. Ndf3 Rc8 19. Re2 Bh6 20. Re1 Rc7 21. Bb5 a6 22. Ba4 b5 23. Bb3 c4 24. Bc2 Nf6 25. Nd2 Nxe4 26. Nf1 f4 27. Bxe4 dxe4 28. Ng4 Bg7 29. Nd2 fxg3 30. fxg3 Qd6 31. Kh2 h5 32. Ne5 Bxe5 33. Qc2 h4 34. Re2 hxg3+ 35. Kg1 Rcf7 36. Nxe4 Bxe4 {9% dieser Partie in Let's Check enthalten. Keine
Fehler oder Kombinationen gefunden. Diese Partie sollte in Let's Check
eingereicht oder analysiert werden.} 0-1

[Event "29.DSenEM2017-Gruppe-B"]
[White "Nemoj, Ilja"]
[Black "Wolter, Guenter"]
[Site ""]
[Round "9.13"]
[Annotator "hugo50"]
[Result "1-0"]
[Date "2017.08.16"]
[WhiteElo "1775"]
[BlackElo "1825"]
[PlyCount "117"]

1. d4 Nf6 2. e3 e6 3. Bd3 b6 4. f4 Bb7 5. Nf3 d5 6. 0-0 Nbd7 7. Bd2 Be7 8. Qe2 0-0 9. h3 Ne4 10. Be1 f5 11. Nbd2 Ndf6 12. Ne5 Nxd2 13. Bxd2 Ne4 14. Bxe4 dxe4 15. g4 Bd6 16. Nc4 Ba6 17. b3 c5 18. c3 Rc8 19. Rac1 Rc6 20. Qg2 Bxc4 21. bxc4 cxd4 22. cxd4 Qc7 23. Kh1 Rc8 24. gxf5 exf5 25. Rg1 Qf7 26. c5 bxc5 27. d5 R6c7 28. Bc3 Bf8 29. Rcd1 Rd7 30. Be5 Rcd8 31. d6 g6 32. Qc2 Bxd6 33. Bxd6 Rxd6 34. Rxd6 Rxd6 35. Qxc5 Rd3 36. a4 Qb3 37. Qxf5 Rxe3 38. Qc8+ Kg7 39. Qd7+ Kh6 40. Kh2 Re2+ 41. Rg2 Rxg2+ 42. Kxg2 Qf3+ 43. Kg1 Qg3+ 44. Kh1 e3 45. f5 Qxh3+ 46. Kg1 Qxf5 47. Qxa7 e2 48. Qe3+ Qg5+ 49. Qxg5+ Kxg5 50. Kf2 Kf4 51. a5 g5 52. a6 g4 53. Kxe2 h5 54. a7 Kg3 55. a8=Q h4 56. Qf8 Kg2 57. Qf2+ Kh3 58. Qg1 g3 59. Kf3 {13% dieser Partie in Let's Check enthalten. Keine Fehler oder
Kombinationen gefunden. Diese Partie sollte in Let's Check eingereicht oder
analysiert werden.} 1-0

[Event "29.DSenEM2017-Gruppe-B"]
[White "Schmidt, Gerhard"]
[Black "Woelbl, Josef"]
[Site ""]
[Round "9.17"]
[Annotator ""]
[Result "1/2-1/2"]
[Date "2017.08.16"]
[WhiteElo "1720"]
[BlackElo "1861"]
[PlyCount "88"]

1. e4 c5 2. Nf3 Nc6 3. d4 cxd4 4. Nxd4 Qb6 5. c3 e6 6. Nxc6 dxc6 7. Bd3 Nf6 8. Nd2 Be7 9. 0-0 0-0 10. Qc2 e5 11. Nf3 Qc7 12. h3 h6 13. Be3 Be6 14. Rad1 a6 15. b3 Nd7 16. Qc1 f5 17. exf5 Bxf5 18. Bc4+ Kh8 19. Bxh6 b5 20. Be2 gxh6 21. Qxh6+ Bh7 22. Qe6 Nc5 23. Qxe5+ Qxe5 24. Nxe5 Rac8 25. Nd7 Nxd7 26. Rxd7 Bf6 27. Rfd1 Rcd8 28. c4 Rxd7 29. Rxd7 Rd8 30. Rxd8+ Bxd8 31. cxb5 cxb5 32. a4 bxa4 33. bxa4 a5 34. Kf1 Be4 35. f3 Bc6 36. Bd1 Kg7 37. g3 Kf6 38. Kg2 Be8 39. h4 Bc7 40. g4 Bf4 41. g5+ Kg6 42. Bc2+ Kh5 43. g6 Bxg6 44. Bxg6+ Kxg6 {15% dieser Partie in
Let's Check enthalten. Keine Fehler oder Kombinationen gefunden. Diese Partie
sollte in Let's Check eingereicht oder analysiert werden.} 1/2-1/2

[Event "29.DSenEM2017-Gruppe-B"]
[White "Sand, Rosemarie"]
[Black "Mertens, Gottfried"]
[Site ""]
[Round "9.18"]
[Annotator "RR"]
[Result "1/2-1/2"]
[Date "2017.08.16"]
[WhiteElo "1772"]
[BlackElo "1846"]
[PlyCount "34"]

1. d4 e5 2. c4 $6 (2. dxe5 d5 3. e3 $16 )f5 $6 (2... exd4 3. Qxd4 Nf6 $11 )3. g3 Nf6 4. Bg2 c6 5. Nf3 d5 6. 0-0 Bd6 7. Qc2 0-0 8. Nbd2 Nbd7 9. b3 Ne4 10. e3 Ndf6 11. Bb2 Bd7 12. Rad1 Rc8 13. c5 Bc7 14. b4 Be8 15. Nxe5 Nd7 16. Ndf3 Bh5 17. Nxd7 Qxd7 {22% dieser Partie in Let's Check enthalten. Diese Partie
sollte in Let's Check eingereicht oder analysiert werden.} 1/2-1/2

[Event "29.DSenEM2017-Gruppe-B"]
[White "Hallmann, Eberhard"]
[Black "Kurpiela, Franz"]
[Site ""]
[Round "9.19"]
[Annotator ""]
[Result "0-1"]
[Date "2017.08.16"]
[WhiteElo "1834"]
[BlackElo "1803"]
[PlyCount "136"]

1. e4 e5 2. Nf3 Nf6 3. d3 Nc6 4. Nc3 Bb4 5. Bd2 d6 6. h3 0-0 7. Be2 Be6 8. 0-0 Bxc3 9. Bxc3 Nd7 10. d4 exd4 11. Nxd4 Ne7 12. f4 Nb6 13. Nxe6 fxe6 14. Qd4 e5 15. fxe5 Nc6 16. Rxf8+ Qxf8 17. Qe3 dxe5 18. Rf1 Qe7 19. Bb5 Nd8 20. a4 c6 21. a5 cxb5 22. axb6 a6 23. Qe2 Qe6 24. Qf2 Nc6 25. Qc5 Rc8 26. Qd5 Re8 27. Qc5 Nb8 28. Bxe5 Nd7 29. Qd6 Qxd6 30. Bxd6 Rxe4 31. Rf2 Re1+ 32. Kh2 Re6 33. Bc7 Nf6 34. Rd2 h5 35. Rd8+ Re8 36. Rd2 Kf7 37. c3 a5 38. b3 Ke6 39. Ra2 Ra8 40. Bg3 a4 41. bxa4 Rxa4 42. Rb2 Ra5 43. Be1 Ra1 44. Bf2 Ne4 45. Bd4 h4 46. Bf2 g5 47. g3 hxg3+ 48. Bxg3 Nxc3 49. Bf2 Ra2 50. Rxa2 Nxa2 51. Bd4 b4 52. Kg3 Kf5 53. Kf3 Nc3 54. Ke3 Nd5+ 55. Kd3 Nf4+ 56. Kc4 Nxh3 57. Bc5 Ke4 58. Be7 g4 59. Bh4 Nf4 60. Kxb4 Kd5 61. Kb5 Ne2 62. Kb4 g3 63. Kb5 g2 64. Bf2 g1=Q 65. Bxg1 Nxg1 66. Kb4 Kc6 67. Ka5 Nf3 68. Kb4 Kxb6 {12% dieser Partie in Let's Check enthalten.
Keine Fehler oder Kombinationen gefunden. Diese Partie sollte in Let's Check
eingereicht oder analysiert werden.} 0-1

[Event "29.DSenEM2017-Gruppe-B"]
[White "Mueller, Johannes"]
[Black "John, Bernd"]
[Site ""]
[Round "9.20"]
[Annotator "hugo50"]
[Result "1-0"]
[Date "2017.08.16"]
[WhiteElo "1802"]
[BlackElo "1762"]
[PlyCount "63"]

1. e4 c5 2. Nc3 Nc6 3. f4 e6 4. Bc4 g6 5. Nge2 Bg7 6. 0-0 Nge7 7. d3 0-0 8. Be3 b6 9. a4 d5 10. f5 Nxf5 11. exf5 dxc4 12. fxg6 hxg6 13. dxc4 Bb7 14. b3 Qxd1 15. Raxd1 Rad8 16. Nb5 Rxd1 17. Rxd1 Rd8 18. Rxd8+ Nxd8 19. Nxa7 Nc6 20. Nb5 Be5 21. g3 Kg7 22. Bd2 Nd4 23. Nexd4 cxd4 24. Kf2 Be4 25. c3 dxc3 26. Bxc3 Bxc3 27. Nxc3 Bc2 28. b4 Bd3 29. c5 bxc5 30. b5 e5 31. b6 Bf5 32. b7 {20% dieser
Partie in Let's Check enthalten. Keine Fehler oder Kombinationen gefunden.
Diese Partie sollte in Let's Check eingereicht oder analysiert werden.} 1-0